01476nam a2200385 i 450000100060000000300080000600500170001400600190003100700150005000800410006502000180010603500230012404000310014705000250017808000120020308200170021510000270023224500850025926400390034430000410038333600310042433700330045533800430048849000470053150400290057858800830060759001620069065000250085265000400087765500270091779700180094483000480096285600630101099900170107386412FINmELB20241217171455.0m o u cr cn|||||||||200720s2013 ck ob 000 0 spa d z9789586489836 a(OCoLC) 1178780719 aFINmELBbspaerdacFINmELB14aQA76.9.D3bV144 2013 a004.65804a005.75652231 aValderrey Sanz, Pablo.10aAdministración de sistemas gestores de bases de datos /cPablo Valderrey Sanz. 1aBogotá :bEcoe Ediciones,c2013. a1 recurso en línea (286 páginas) atextobtxt2rdacontent/spa acomputadorabc2rdamedia/spa arecurso en líneabcr2rdacarrier/spa1 aCiencias administrativas. Administración aContiene bibliografía. aDescripción basada en metadatos suministrados por el editor y otras fuentes. aRecurso electrónico. Santa Fe, Arg.: elibro, 2019. Disponible vía World Wide Web. El acceso puede estar limitado para las bibliotecas afiliadas a elibro. 0aDatabase management. 4aAdministración de bases de datos. 4aLibros electrónicos.2 aelibro, Corp. 0aCiencias administrativas. Administración.40uhttps://elibro.net/ereader/politecnicointernacional/130466 c86412d86412